[Event "Klementowice Gr-A 3rd"]
[Site "Klementowice"]
[Date "2012.08.23"]
[Round "8.3"]
[White "Siedlanowski, Lukasz"]
[Black "Sobolewski, Bartosz"]
[Result "1/2-1/2"]
[WhiteElo "1853"]
[BlackElo "1970"]
[PlyCount "74"]
[EventDate "2012.08.17"]
[EventType "swiss"]
[EventRounds "9"]
[EventCountry "POL"]
[SourceTitle "EXT 2023"]
[Source "ChessBase"]
[SourceDate "2022.10.05"]
[SourceVersion "1"]
[SourceVersionDate "2022.10.05"]
[SourceQuality "1"]

1. e4 e6 2. d4 d5 3. Bd3 c5 4. Ne2 Nf6 5. e5 Nfd7 6. c3 Nc6 7. Nd2 cxd4 8. cxd4 f6 9. exf6 Nxf6 10. Nf3 Bd6 11. 0-0 0-0 12. Re1 Qc7 13. Ng3 e5 14. dxe5 Nxe5 15. Be2 Bd7 16. Be3 Bc6 17. Nd4 Qd7 18. Ngf5 Bb4 19. Rf1 Nc4 20. Bxc4 dxc4 21. Nxc6 Qxc6 22. Nd4 Qd7 23. Qe2 b5 24. Rfe1 Rfe8 25. Qf3 Rac8 26. Nc2 Qe7 27. Bg5 Bc5 28. Rac1 Qf7 29. h3 Nd5 30. Qg3 Nb4 31. Nxb4 Bxb4 32. Rxe8+ Rxe8 33. Be3 Qf6 34. Rb1 a6 35. Qc7 Qd6 36. Qb7 Qd3 37. Rf1 Qd6 1/2-1/2

[Event "Klementowice op 2nd"]
[Site "Klementowice"]
[Date "2011.08.19"]
[Round "8"]
[White "Kanarkiewicz, Michal"]
[Black "Sobolewski, Bartosz"]
[Result "1-0"]
[WhiteElo "1924"]
[BlackElo "1889"]
[PlyCount "55"]
[EventDate "2011.08.14"]
[EventType "swiss"]
[EventRounds "9"]
[EventCountry "POL"]
[SourceTitle "CBM 144 Extra"]
[Source "ChessBase"]
[SourceDate "2011.10.28"]
[SourceVersion "1"]
[SourceVersionDate "2011.10.28"]
[SourceQuality "1"]

1. e4 e6 2. d3 d5 3. Nd2 Nf6 4. g3 c5 5. Bg2 Nc6 6. Ngf3 Be7 7. 0-0 0-0 8. e5 Nd7 9. Re1 b5 10. Qe2 a5 11. Nf1 Ba6 12. h4 b4 13. N1h2 Qb6 14. Bg5 c4 15. Ng4 a4 16. Qd2 c3 17. bxc3 bxc3 18. Qf4 Qb4 19. d4 Rfb8 20. a3 Qb6 21. Bxe7 Nxe7 22. h5 Nf5 23. h6 Qd8 24. hxg7 Kxg7 25. Bh3 Kg8 26. Nh4 Rb6 27. Nxf5 exf5 28. Nh6+ 1-0

[Event "Klementowice op 2nd"]
[Site "Klementowice"]
[Date "2011.08.14"]
[Round "1"]
[White "Sobolewski, Bartosz"]
[Black "Tarajkiewicz, Krzysztof"]
[Result "1-0"]
[WhiteElo "1889"]
[BlackElo "1490"]
[PlyCount "68"]
[EventDate "2011.08.14"]
[EventType "swiss"]
[EventRounds "9"]
[EventCountry "POL"]
[SourceTitle "CBM 144 Extra"]
[Source "ChessBase"]
[SourceDate "2011.10.28"]
[SourceVersion "1"]
[SourceVersionDate "2011.10.28"]
[SourceQuality "1"]

1. d4 g6 2. c4 Bg7 3. Nf3 Nf6 4. g3 d6 5. Bg2 0-0 6. 0-0 c5 7. dxc5 dxc5 8. Ne5 Nfd7 9. Nd3 Qb6 10. Nc3 Bxc3 11. bxc3 Qf6 12. Be3 Qxc3 13. Nxc5 Nxc5 14. Bxc5 Qxc4 15. Bxe7 Re8 16. e3 Nc6 17. Bf6 Qe6 18. Bc3 Rd8 19. Qc2 Qc4 20. Qb2 Kf8 21. Rfc1 Qd3 22. Bxc6 bxc6 23. Ba5 Bh3 24. Qh8+ Ke7 25. Bxd8+ Rxd8 26. Qxh7 Qf5 27. Qh4+ g5 28. Qb4+ Kf6 29. Qc3+ Kg6 30. Qc2 Rd3 31. Qxc6+ Kg7 32. Rd1 Ra3 33. Qd5 Qxd5 34. Rxd5 f6 1-0

[Event "POL-chT U19 1st League"]
[Site "Ustron"]
[Date "2011.??.??"]
[Round "1.8"]
[White "Sobolewski, Bartosz"]
[Black "Pietruszewski, Marcin"]
[Result "0-1"]
[WhiteElo "1889"]
[BlackElo "2111"]
[PlyCount "56"]
[EventDate "2011.06.24"]
[EventType "team-tourn"]
[EventRounds "9"]
[EventCountry "POL"]
[SourceTitle "EXT 2015"]
[Source "ChessBase"]
[SourceDate "2014.11.20"]
[SourceVersion "1"]
[SourceVersionDate "2014.11.20"]
[SourceQuality "1"]
[WhiteTeam "Krakow KKSz 1893"]
[BlackTeam "Suwalki Hancza U19"]
[WhiteTeamCountry "POL"]
[BlackTeamCountry "POL"]

1. e4 c6 2. d4 d5 3. f3 Qb6 4. Nc3 Nf6 5. e5 Nfd7 6. f4 e6 7. Nf3 c5 8. Ne2 Nc6 9. c3 f6 10. a3 cxd4 11. cxd4 g5 12. exf6 g4 13. f7+ Kxf7 14. Ne5+ Ndxe5 15. fxe5 Bg7 16. Qd3 Bd7 17. h3 g3 18. Bf4 Rhf8 19. Qxh7 Nxd4 20. Bxg3 Qxb2 21. Rd1 Nc2+ 22. Kf2 Qb6+ 23. Kf3 Qe3+ 24. Kg4 Rh8 25. Qxc2 Rag8 26. h4 Bxe5+ 27. Kh3 Rxg3+ 28. Kh2 Rxh4# 0-1

[Event "POL-chT U19 2nd League"]
[Site "Chelm Lubelski"]
[Date "2010.07.14"]
[Round "11"]
[White "Sobolewski, Bartosz"]
[Black "Mandera, Mateusz"]
[Result "1-0"]
[WhiteElo "1885"]
[BlackElo "1584"]
[PlyCount "65"]
[EventDate "2010.07.06"]
[EventType "team-tourn"]
[EventRounds "11"]
[EventCountry "POL"]
[SourceTitle "EXT 2011"]
[Source "ChessBase"]
[SourceDate "2010.11.26"]
[SourceVersion "1"]
[SourceVersionDate "2010.11.26"]
[SourceQuality "1"]
[WhiteTeam "Krakow KKSz 1893 U19"]
[BlackTeam "Katowice UKS Palac Mlodziezy U19"]
[WhiteTeamCountry "POL"]
[BlackTeamCountry "POL"]

1. e4 e6 2. Nf3 d5 3. Nc3 c6 4. d4 Ne7 5. Bd3 dxe4 6. Nxe4 Nf5 7. c3 Be7 8. g4 Nd6 9. Bf4 Nxe4 10. Bxe4 f5 11. gxf5 exf5 12. Bd3 0-0 13. Qb3+ Kh8 14. 0-0-0 Qd5 15. Qxd5 cxd5 16. Rde1 Bf6 17. Bd6 Rd8 18. Ne5 Kg8 19. Bc7 Re8 20. Bb5 Rf8 21. Ba4 Bg5+ 22. Kb1 f4 23. Bb3 Bf5+ 24. Ka1 Nd7 25. Bxd5+ Kh8 26. Bxb7 Rae8 27. Nf7+ Rxf7 28. Rxe8+ Rf8 29. Rhe1 Bg6 30. Rxf8+ Nxf8 31. d5 Bh4 32. Bxf4 Bxf2 33. Re2 1-0

[Event "Chojnice op-B 4th"]
[Site "Chojnice"]
[Date "2008.07.18"]
[Round "9"]
[White "Sobolewski, Bartosz"]
[Black "Gorniewicz, Oskar"]
[Result "1/2-1/2"]
[WhiteElo "1908"]
[BlackElo "1753"]
[PlyCount "20"]
[EventDate "2008.07.12"]
[EventType "swiss"]
[EventRounds "9"]
[EventCountry "POL"]
[SourceTitle "EXT 2018"]
[Source "ChessBase"]
[SourceDate "2017.10.13"]
[SourceVersion "1"]
[SourceVersionDate "2017.10.13"]
[SourceQuality "1"]

1. d4 d5 2. c4 e6 3. Nc3 c6 4. Nf3 Nf6 5. Bg5 Nbd7 6. cxd5 exd5 7. e3 Be7 8. Bd3 0-0 9. Qc2 Re8 10. 0-0 Ne4 1/2-1/2

[Event "Chojnice op-B 4th"]
[Site "Chojnice"]
[Date "2008.07.14"]
[Round "3"]
[White "Sobolewski, Bartosz"]
[Black "Lewandowski, Michal"]
[Result "1-0"]
[WhiteElo "1908"]
[BlackElo "1644"]
[PlyCount "93"]
[EventDate "2008.07.12"]
[EventType "swiss"]
[EventRounds "9"]
[EventCountry "POL"]
[SourceTitle "EXT 2018"]
[Source "ChessBase"]
[SourceDate "2017.10.13"]
[SourceVersion "1"]
[SourceVersionDate "2017.10.13"]
[SourceQuality "1"]

1. d4 Nf6 2. c4 c5 3. Nf3 g6 4. Nc3 Bg7 5. e4 cxd4 6. Nxd4 Nc6 7. Be3 0-0 8. Be2 d6 9. 0-0 Nxd4 10. Bxd4 e5 11. Be3 Be6 12. f3 Ne8 13. Qd2 f5 14. exf5 Rxf5 15. Rfd1 Rh5 16. f4 Rh4 17. g3 exf4 18. Bxf4 Rh3 19. Ne4 h6 20. Nf2 Qb6 21. Be3 Qc7 22. Nxh3 Bxh3 23. Bf3 Kh7 24. Qd5 Bf5 25. Qxb7 Qxb7 26. Bxb7 Rb8 27. Bc6 Bxb2 28. Rab1 Bxb1 29. Rxb1 Nc7 30. Kg2 Rb4 31. Bb5 Ba3 32. Rxb4 Bxb4 33. Bxa7 Kg7 34. Bb6 Na8 35. Bd8 Bc5 36. a4 Bb6 37. Bxb6 Nxb6 38. a5 Nc8 39. Kf3 Kf6 40. Kf4 Na7 41. Ke4 Ke6 42. a6 Nc8 43. Bc6 Na7 44. Bb7 Kd7 45. Kd5 Ke7 46. c5 Kd7 47. cxd6 1-0

[Event "Chojnice op-B 3rd"]
[Site "Chojnice"]
[Date "2007.07.14"]
[Round "2.10"]
[White "Sobolewski, Bartosz"]
[Black "Zimochocki, Roman"]
[Result "1-0"]
[WhiteElo "1924"]
[BlackElo "1861"]
[PlyCount "69"]
[EventDate "2007.07.13"]
[EventType "swiss"]
[EventRounds "9"]
[EventCountry "POL"]
[SourceTitle "EXT 2023"]
[Source "ChessBase"]
[SourceDate "2022.10.05"]
[SourceVersion "1"]
[SourceVersionDate "2022.10.05"]
[SourceQuality "1"]

1. d4 Nf6 2. c4 g6 3. Nf3 Bg7 4. g3 c6 5. Bg2 d6 6. 0-0 0-0 7. Nc3 Nbd7 8. e4 e5 9. h3 a6 10. a4 Re8 11. d5 cxd5 12. cxd5 h6 13. Be3 b6 14. Nd2 Nc5 15. b4 Nb7 16. Nc4 Nd7 17. a5 b5 18. Nb6 Nxb6 19. Bxb6 Qe7 20. Rc1 Bd7 21. Qd2 Kh7 22. Ne2 Rec8 23. Rxc8 Rxc8 24. Rc1 Rc4 25. Rxc4 bxc4 26. Qa2 Bb5 27. Nc3 Qd7 28. Bf1 Qc8 29. Nxb5 axb5 30. a6 Qa8 31. a7 Bf6 32. Qa6 c3 33. Bd3 Bd8 34. Qxb5 Qc8 35. Qc6 1-0

[Event "Chojnice op-B 2nd"]
[Site "Chojnice"]
[Date "2006.??.??"]
[Round "2"]
[White "Sobolewski, Bartosz"]
[Black "Gora, Jan"]
[Result "1-0"]
[WhiteElo "1800"]
[BlackElo "1800"]
[PlyCount "77"]
[EventDate "2006.07.??"]
[EventType "swiss"]
[EventRounds "9"]
[EventCountry "POL"]
[SourceTitle "EXT 2007"]
[Source "ChessBase"]
[SourceDate "2006.11.23"]
[SourceVersion "1"]
[SourceVersionDate "2006.11.23"]
[SourceQuality "1"]

1. d4 d5 2. c4 dxc4 3. Nf3 Bg4 4. e3 Nf6 5. Bxc4 e6 6. 0-0 Bd6 7. Nbd2 Nc6 8. a3 a6 9. b4 b5 10. Bd3 0-0 11. Qc2 Ne7 12. Ng5 Bf5 13. e4 Bf4 14. Ndf3 Bg6 15. Bxf4 c6 16. Be3 Ng4 17. Nh3 h6 18. Nf4 Bh7 19. h3 Nf6 20. Rfe1 Qd7 21. Ne5 Qb7 22. f3 Rac8 23. Ng4 Nxg4 24. hxg4 Rfd8 25. Nh5 Qd7 26. Qc5 f6 27. Bxh6 Qxd4+ 28. Qxd4 Rxd4 29. Bxb5 axb5 30. Bxg7 Rd3 31. Bxf6 Ng6 32. Red1 Rb3 33. Rd7 Ra8 34. Rg7+ Kf8 35. Rxh7 Raxa3 36. Rxa3 Rxa3 37. Rg7 Nh8 38. Be7+ Ke8 39. Nf6# 1-0

[Event "Chojnice op-B 2nd"]
[Site "Chojnice"]
[Date "2006.??.??"]
[Round "4"]
[White "Sobolewski, Bartosz"]
[Black "Tyda, Beata"]
[Result "1/2-1/2"]
[WhiteElo "1800"]
[BlackElo "1868"]
[PlyCount "67"]
[EventDate "2006.07.??"]
[EventType "swiss"]
[EventRounds "9"]
[EventCountry "POL"]
[SourceTitle "EXT 2007"]
[Source "ChessBase"]
[SourceDate "2006.11.23"]
[SourceVersion "1"]
[SourceVersionDate "2006.11.23"]
[SourceQuality "1"]

1. d4 Nf6 2. Nf3 d5 3. c4 e6 4. Nc3 Be7 5. Bg5 0-0 6. e3 Nbd7 7. cxd5 exd5 8. Bd3 Re8 9. 0-0 c6 10. Qc2 Nf8 11. Rab1 Ng6 12. b4 Qc7 13. Bxf6 Bxf6 14. Nxd5 Qd6 15. Nxf6+ Qxf6 16. b5 Bd7 17. Bxg6 hxg6 18. Ne5 Rxe5 19. dxe5 Qxe5 20. Qd2 Bf5 21. bxc6 Bxb1 22. cxb7 Rb8 23. Rxb1 Rxb7 24. Qd8+ Kh7 25. Qh4+ Kg8 26. Rd1 Rd7 27. Qa4 Rxd1+ 28. Qxd1 Qb2 29. a4 Kh7 30. g3 Qc3 31. Qd7 a5 32. Kg2 Qc4 33. Qb5 Qe4+ 34. Kg1 1/2-1/2